书目信息 |
| 题名: |
中国历史大事编年
|
|
| 作者: | 刘占武 , 张福裕 编著 | |
| 分册: | 第2卷 三国两晋南北朝隋唐 | |
| 出版信息: | 北京 北京出版社 1987 |
|
| 页数: | 814页 | |
| 开本: | 20cm | |
| 丛书名: | ||
| 单 册: | ||
| 中图分类: | K208 | |
| 科图分类: | ||
| 主题词: | 中国--通史--历史年表 | |
| 电子资源: | ||
| ISBN: | 7-200-00179-1 | |
| 000 | 00696nam0 2200229 45 | |
| 001 | 0187008386 | |
| 005 | 20051026150337.82 | |
| 010 | @a7-200-00179-1@dCNY5.30 | |
| 100 | @a19900830d1987 em y0chiy0121 ea | |
| 101 | 0 | @achi |
| 102 | @aCN@b110000 | |
| 105 | @ay z 000yy | |
| 200 | 10 | @a中国历史大事编年@Azhong guo li shi da shi bian nian@h第2卷@i三国两晋南北朝隋唐@f张福裕, 刘占武编著@FZhang Fu Yu,Liu Zhan Wu Bian Zhu |
| 210 | @a北京@c北京出版社@d1987 | |
| 215 | @a814页@d20cm | |
| 606 | @a中国@x通史@x历史年表 | |
| 690 | @aK208@v3 | |
| 701 | 0 | @a刘占武@4编著 |
| 701 | 0 | @a张福裕@4编著 |
| 801 | 2 | @aCN@bNLC@c20051026 |
| 801 | 0 | @aCN@b深圳图书馆@c20040505 |
| 905 | @dK208@e12:2@b209288@f1 | |
| 中国历史大事编年.第2卷.三国两晋南北朝隋唐/张福裕, 刘占武编著.-北京:北京出版社,1987 |
| 814页;20cm |
| ISBN 7-200-00179-1:CNY5.30 |
| ● |
| 相关链接 |
|
|
|
|
正题名:中国历史大事编年
索取号:K208/12:2
 
预约/预借
| 序号 | 登录号 | 条形码 | 馆藏地/架位号 | 状态 | 备注 |
| 1 | 0209288 | 001988683 | 第二借阅区/ [索取号:K208/12:2] | 在馆 | |
| 2 | 0209289 | 001277914 | 密集书库/ [索取号:K208/12:2] | 在馆 | |
| 3 | 0209290 | 001277923 | 密集书库/ [索取号:K208/12:2] | 在馆 | |
| 4 | 0209291 | 001278138 | 密集书库/ [索取号:K208/12:2] | 在馆 | |
| 5 | 0209292 | 001278129 | 密集书库/ [索取号:K208/12:2] | 在馆 |